[Event "Schwarzacher Open A"]
[Site "Schwarzach"]
[Date "1999.08.25"]
[Round "5.12"]
[White "Martin, Andreas"]
[Black "Gorbatow, Alexej"]
[Result "0-1"]
[WhiteElo "2163"]
[BlackElo "2353"]
[PlyCount "114"]
[EventDate "1999.08.??"]

1. d4 a6 2. e4 d5 3. exd5 Qxd5 4. c4 Qd8 5. Nf3 Nf6 6. Be2 e6 7. O-O c5 8. Be3
cxd4 9. Nxd4 Be7 10. Nc3 O-O 11. Qc2 Nbd7 12. Rfd1 Qc7 13. h3 b6 14. Rac1 Bb7
15. a3 Rac8 16. b4 Qb8 17. Qa2 Qa8 18. Bf1 Ne5 19. Na4 Bd8 20. Bf4 Ng6 21. Bg5
Qb8 {#} 22. Bxf6 gxf6 23. c5 b5 24. Nc3 Kh8 25. Nce2 Bd5 26. Qd2 Qe5 27. Rc3
Bc7 28. Ng3 Rcd8 29. Re1 Qf4 30. Qxf4 Nxf4 31. Nde2 Ng6 32. Rd1 f5 33. Nh5 Bc4
34. Rcc1 Be5 35. Rxd8 Rxd8 36. Nc3 Bxc3 37. Bxc4 Bd2 38. Rc2 bxc4 39. Rxc4 Ne5
40. Rc2 Nc6 41. Kf1 Bh6 42. f4 Bg7 43. g4 fxg4 44. hxg4 Kg8 45. Kg2 Kf8 46. Kg3
Rd3+ 47. Kh4 h6 48. f5 Bc3 49. Re2 Nd4 50. Nf4 Rd1 51. Re3 Bd2 52. Re4 Bxf4 53.
Rxf4 Rh1+ 54. Kg3 Ne2+ 55. Kg2 Nxf4+ 56. Kxh1 e5 57. Kg1 Nd5 0-1

[Event "Schwarzacher Open A"]
[Site "Schwarzach"]
[Date "1999.08.25"]
[Round "5.13"]
[White "Hardicsay, Peter"]
[Black "Hicker, Harald"]
[Result "1/2-1/2"]
[WhiteElo "2304"]
[BlackElo "2133"]
[PlyCount "52"]
[EventDate "1999.08.??"]

1. c4 c5 2. Nf3 Nc6 3. d4 cxd4 4. Nxd4 g6 5. e4 Bg7 6. Be3 Nf6 7. Nc3 O-O 8.
Be2 d6 9. O-O Nd7 10. Rc1 Nxd4 11. Bxd4 Bxd4 12. Qxd4 Qb6 13. Qd2 Nf6 14. b3
Be6 15. Kh1 Nd7 16. f4 f6 17. Rce1 Kh8 18. Bd3 Bf7 19. Rf3 Rae8 20. Rh3 Rg8 21.
Nd5 Qd8 22. Bc2 a6 23. Rf1 Rg7 24. a3 Reg8 25. Rg1 Be6 26. Rh6 Nf8 {#} 1/2-1/2

[Event "Schwarzacher Open A"]
[Site "Schwarzach"]
[Date "1999.08.25"]
[Round "5.14"]
[White "Doric, Nenad"]
[Black "Ter-Minasjan, Dmitry"]
[Result "1/2-1/2"]
[WhiteElo "2265"]
[BlackElo "2292"]
[PlyCount "109"]
[EventDate "1999.08.??"]

1. e4 c6 2. d4 d5 3. exd5 cxd5 4. c4 Nf6 5. Nc3 e6 6. Nf3 Bb4 7. cxd5 Nxd5 8.
Bd2 Nc6 9. Bd3 Nf6 10. O-O O-O 11. a3 Be7 12. Be3 b6 13. Qe2 Bb7 14. Rfd1 Rc8
15. Rac1 Qd6 16. Bg5 g6 17. Bxf6 Bxf6 18. Ne4 Qe7 19. Nxf6+ Qxf6 20. Be4 Qf4
21. Qe3 Qxe3 22. fxe3 {#} 22... Nxd4 23. Rxc8 Nxf3+ 24. Bxf3 Bxc8 25. Rc1 Rd8
26. Rc7 a6 27. b4 Kf8 28. Kf2 h6 29. h4 e5 30. Be2 b5 31. Bf3 Bf5 32. Bb7 Rd6
33. Rc6 Rxc6 34. Bxc6 Bc8 35. e4 Ke7 36. Ke3 Kd6 37. Bd5 Be6 38. Bb7 Kc7 39.
Ba8 Kb6 40. g3 a5 41. Kd3 axb4 42. axb4 Kc7 43. Ke3 f6 44. Kd3 Kd6 45. Ke3 f5
46. exf5 gxf5 47. Bf3 Bd7 48. Bd1 Bc6 49. Bc2 Ke6 50. Bd1 Bd5 51. Be2 Bc4 52.
Bf3 e4 53. Bh5 Ke5 54. Be8 Bd3 55. Bg6 1/2-1/2

[Event "Schwarzacher Open A"]
[Site "Schwarzach"]
[Date "1999.08.25"]
[Round "5.15"]
[White "Doric, Darko"]
[Black "Bopp, Thomas"]
[Result "0-1"]
[WhiteElo "2000"]
[BlackElo "2008"]
[PlyCount "56"]
[EventDate "1999.08.??"]

1. d4 Nf6 2. Bg5 e6 3. e4 h6 4. Bxf6 Qxf6 5. Nc3 b6 6. Qd2 Bb7 7. f3 g6 8.
O-O-O Bg7 9. e5 Qe7 10. f4 d6 11. Nh3 Nd7 12. Nb5 O-O 13. Nxc7 Rad8 14. exd6
Qxd6 15. Nb5 Qb8 16. c3 a6 17. Na3 b5 18. Nc2 a5 19. Qe3 Bd5 20. Kb1 Rc8 21. b3
b4 22. c4 Nb6 23. c5 {#} 23... a4 24. Nxb4 axb3 25. cxb6 bxa2+ 26. Ka1 Qxb6 27.
Nxd5 exd5 28. Bc4 Rxc4 0-1

[Event "Schwarzacher Open A"]
[Site "Schwarzach"]
[Date "1999.08.25"]
[Round "5.16"]
[White "Niedermayr, Horst"]
[Black "Donegani, Peter"]
[Result "1/2-1/2"]
[WhiteElo "2235"]
[BlackElo "2119"]
[PlyCount "29"]
[EventDate "1999.08.??"]

1. e4 d5 2. exd5 Qxd5 3. Nc3 Qa5 4. d4 Nf6 5. Nf3 c6 6. Bc4 Bf5 7. Bd2 e6 8.
Ne4 Qb6 9. Nxf6+ gxf6 10. Bc3 Nd7 11. Qd2 Qc7 12. Bd3 Bg6 13. h4 Bh5 14. O-O-O
O-O-O 15. Kb1 1/2-1/2

[Event "Schwarzacher Open A"]
[Site "Schwarzach"]
[Date "1999.08.25"]
[Round "5.18"]
[White "Jocys, Dalius"]
[Black "Pammer, Andreas"]
[Result "1-0"]
[WhiteElo "2217"]
[BlackElo "2092"]
[PlyCount "91"]
[EventDate "1999.08.??"]

1. d4 Nf6 2. c4 g6 3. Nc3 d5 4. e3 Bg7 5. Nf3 O-O 6. b4 c6 7. Qb3 e6 8. Bb2
Nbd7 9. a4 Nb6 10. cxd5 Nbxd5 11. Be2 Re8 12. O-O Nd7 13. Rfd1 Qf6 14. Ne4 Qe7
15. b5 c5 {#} 16. Rac1 b6 17. Ba3 f5 18. Nc3 Bb7 19. Nxd5 Bxd5 20. Bc4 Bxc4 21.
Rxc4 Rac8 22. Rdc1 Red8 23. h3 Kh8 24. dxc5 Nxc5 25. Bxc5 bxc5 26. Nd4 Rd5 27.
Nc6 Qd6 28. Nxa7 Rb8 29. a5 e5 30. b6 e4 31. Nb5 Qd7 32. Rxc5 Rd3 33. Qc2 Rd8
34. Nd4 f4 35. Rc7 Qd6 36. Qc5 Qf6 37. Rc8 fxe3 38. Rxd8+ Qxd8 39. Ne6 exf2+
40. Qxf2 Rd1+ 41. Rxd1 Qxd1+ 42. Qf1 Bd4+ 43. Nxd4 Qxd4+ 44. Qf2 Qa1+ 45. Kh2
Qe5+ 46. Qg3 1-0

[Event "Schwarzacher Open A"]
[Site "Schwarzach"]
[Date "1999.08.25"]
[Round "5.19"]
[White "Philippe, Denis"]
[Black "Sebenik, Matej"]
[Result "0-1"]
[WhiteElo "2019"]
[BlackElo "2194"]
[PlyCount "37"]
[EventDate "1999.08.??"]

1. d4 Nf6 2. Nf3 g6 3. Nc3 d5 4. Bf4 Bg7 5. e3 O-O 6. Be2 c5 7. Ne5 Nc6 8. O-O
Bf5 9. Qd2 Rc8 10. a3 Nd7 11. Nxc6 Rxc6 12. g4 cxd4 13. exd4 Be6 14. Na4 a6 15.
b4 {#} 15... Qc8 16. Rfc1 b5 17. Nb2 Nb6 18. c3 Bxg4 19. Nd3 0-1

[Event "Schwarzacher Open A"]
[Site "Schwarzach"]
[Date "1999.08.26"]
[Round "6.1"]
[White "Zoler, Dan"]
[Black "Bagaturov, Giorgi"]
[Result "1/2-1/2"]
[WhiteElo "2529"]
[BlackElo "2532"]
[PlyCount "65"]
[EventDate "1999.08.??"]

1. d4 Nf6 2. c4 e6 3. Nf3 b6 4. g3 Ba6 5. Nbd2 Bb7 6. Bg2 Be7 7. O-O O-O 8. b3
d5 9. Ne5 c5 10. dxc5 bxc5 11. Bb2 Na6 12. cxd5 exd5 13. Re1 Nc7 14. e4 d4 15.
Rc1 a5 16. Nd3 Nd7 17. Nc4 a4 18. Qd2 Rb8 19. bxa4 Bc6 20. Ba3 Na6 21. a5 Re8
22. h4 Bf8 23. e5 Bxg2 24. Kxg2 Nc7 25. Qf4 Nb5 26. Bb2 Qc8 27. Qf3 Qa6 28. Re4
Rbd8 29. Rf4 Qe6 30. Qg4 Qxg4 31. Rxg4 f6 32. exf6 Nxf6 33. Rg5 1/2-1/2

[Event "Schwarzacher Open A"]
[Site "Schwarzach"]
[Date "1999.08.26"]
[Round "6.2"]
[White "Burmakin, Vladimir"]
[Black "Soln, Primoz"]
[Result "1-0"]
[WhiteElo "2579"]
[BlackElo "2411"]
[PlyCount "113"]
[EventDate "1999.08.??"]

1. Nf3 d5 2. g3 Bg4 3. Bg2 Nd7 4. O-O c6 5. d4 e6 6. Nbd2 f5 7. c4 Bd6 8. Qb3
Rb8 9. Qe3 Qe7 10. Ne5 Ngf6 11. Nxg4 Nxg4 12. Qd3 O-O 13. Nf3 e5 14. cxd5 {#}
14... e4 15. Qb3 c5 16. Ng5 cxd4 17. Bf4 Rfc8 18. Rad1 Nc5 19. Qb4 Bxf4 20.
gxf4 d3 21. exd3 e3 22. Rc1 exf2+ 23. Kh1 a5 24. d6 axb4 25. dxe7 Ne3 26. e8=Q+
Rxe8 27. Rxc5 Nxf1 28. Bxf1 h6 29. Nf3 Re1 30. Kg2 Rb1 31. Rc2 Ra8 32. b3 Ra1
33. d4 R8xa2 34. Rxf2 Rxf2+ 35. Kxf2 Rb1 36. Bc4+ Kf8 37. Nh4 b5 38. Bd5 Rb2+
39. Kg3 Rd2 40. Ng6+ Ke8 41. Bc6+ Kd8 42. Bxb5 Rxd4 43. Ne5 Kc7 44. h4 g5 45.
hxg5 hxg5 46. fxg5 Rd5 47. Kf4 Rxb5 48. g6 Rb8 49. Kxf5 Rf8+ 50. Ke6 Re8+ 51.
Kf6 Rf8+ 52. Ke7 Rf5 53. Nf7 Ra5 54. g7 Ra8 55. Ng5 Kb6 56. Kf7 Ra7+ 57. Kg6
1-0

[Event "Schwarzacher Open A"]
[Site "Schwarzach"]
[Date "1999.08.26"]
[Round "6.3"]
[White "Balinov, Ilia"]
[Black "Shchekachev, Andrei"]
[Result "1/2-1/2"]
[WhiteElo "2448"]
[BlackElo "2505"]
[PlyCount "50"]
[EventDate "1999.08.??"]

1. e4 e5 2. Nf3 Nc6 3. d4 exd4 4. Nxd4 Bc5 5. Nxc6 Qf6 6. Qd2 dxc6 7. Nc3 Qe7
8. Bd3 Nf6 9. Qe2 Ng4 10. Nd1 Bd7 11. f3 Ne5 12. Nf2 g5 13. Be3 O-O-O 14. O-O-O
Rhg8 15. Kb1 h5 16. g3 Be6 17. f4 Ng4 18. Bxc5 Qxc5 19. Rdf1 Ne3 20. f5 Nxf1
21. fxe6 Ne3 22. Re1 Ng2 23. Rg1 Ne3 24. Re1 Ng2 25. Rg1 Ne3 1/2-1/2

[Event "Schwarzacher Open A"]
[Site "Schwarzach"]
[Date "1999.08.26"]
[Round "6.4"]
[White "Vigh, Bela"]
[Black "Meijers, Viesturs"]
[Result "1-0"]
[WhiteElo "2345"]
[BlackElo "2472"]
[PlyCount "111"]
[EventDate "1999.08.??"]

1. d4 d5 2. c4 e6 3. Nc3 Nf6 4. cxd5 exd5 5. Bg5 Be7 6. e3 Nbd7 7. Bd3 O-O 8.
Nge2 b6 9. Ng3 g6 10. h4 c5 11. Qc2 c4 12. Be2 Bb7 13. Bf3 a6 14. O-O-O b5 15.
a3 Rb8 16. Bf4 Rc8 17. h5 b4 18. axb4 Bxb4 19. hxg6 fxg6 20. Rh6 Rf7 21. Rdh1
Qa5 22. Kb1 Bc6 23. Nge2 Qb6 24. Kc1 Bf8 25. R6h3 a5 26. g4 Qb7 27. g5 Ne4 28.
Bg4 Re7 29. Nxe4 dxe4 30. Nc3 Rce8 31. R3h2 Nb6 32. Be5 a4 33. f4 a3 34. bxa3
Rf7 35. Kd2 Bxa3 36. f5 {#} 36... Rxe5 37. fxg6 Rxg5 38. gxf7+ Qxf7 39. Qb1 Nd5
40. Qb8+ Bf8 41. Be2 Qb7 42. Qxb7 Bxb7 43. Bxc4 Bb4 44. Bxd5+ Bxd5 45. Rb1
Bxc3+ 46. Kxc3 h5 47. Rb5 Kg7 48. Ra2 Bxa2 49. Rxg5+ Kh6 50. Ra5 Bf7 51. Kd2 h4
52. Ke1 Bh5 53. Kf2 Kg6 54. Re5 Bf3 55. d5 Kf6 56. d6 1-0

[Event "Schwarzacher Open A"]
[Site "Schwarzach"]
[Date "1999.08.26"]
[Round "6.5"]
[White "Hanko, Pavol"]
[Black "Klovans, Janis"]
[Result "0-1"]
[WhiteElo "2266"]
[BlackElo "2465"]
[PlyCount "78"]
[EventDate "1999.08.??"]

1. d4 Nf6 2. Nf3 e6 3. c4 d5 4. Nc3 Be7 5. Bg5 O-O 6. e3 h6 7. Bh4 b6 8. Be2
Bb7 9. Bxf6 Bxf6 10. cxd5 exd5 11. b4 c6 12. Qb3 Nd7 13. O-O b5 14. a4 a6 15.
Rfd1 Nb6 16. Bd3 Re8 17. e4 Nxa4 18. Nxa4 bxa4 19. Qc2 dxe4 20. Bxe4 Qb6 21.
Rxa4 Rad8 22. Qd3 Qb5 23. Raa1 {#} 23... Qxb4 24. Rab1 Qe7 25. Re1 Qc7 26. Rec1
Re7 27. Bh7+ Kf8 28. Bf5 Qd6 29. Rd1 g6 30. Be4 Kg7 31. Rb6 Rde8 32. Bxc6 Bxc6
33. Qxa6 Bxf3 34. Rxd6 Bxd1 35. h3 Bg5 36. Rb6 h5 37. Qd3 h4 38. d5 Re1+ 39.
Kh2 Bf4+ 0-1

[Event "Schwarzacher Open A"]
[Site "Schwarzach"]
[Date "1999.08.26"]
[Round "6.7"]
[White "Jurkovic, Hrvoje"]
[Black "Piven, Igor"]
[Result "1/2-1/2"]
[WhiteElo "2370"]
[BlackElo "2387"]
[PlyCount "111"]
[EventDate "1999.08.??"]

1. e4 c5 2. b4 cxb4 3. d4 d5 4. e5 Nc6 5. a3 e6 6. axb4 Bxb4+ 7. c3 Bf8 8. Bd3
Nge7 9. h4 Bd7 10. h5 Ng8 11. h6 Nxh6 12. Bxh6 gxh6 13. Ne2 f6 14. Nf4 Qe7 15.
Qh5+ Kd8 16. exf6 Qxf6 17. g3 Kc7 18. Qxd5 Bd6 19. Qe4 Raf8 20. Na3 a6 21. Rh4
Qg5 22. Rh5 Rxf4 23. Qh1 Qe7 24. Nb5+ axb5 25. gxf4 b4 26. cxb4 Bxb4+ 27. Kf1
Qd6 28. d5 exd5 29. Qh4 Rf8 30. f5 Qe5 31. Rb1 Qc3 32. Qg3+ Kc8 33. f6 Qxf6 34.
Rxd5 Be6 35. Rb5 Bd6 36. Qe3 Nd4 37. Rxb7 Qf4 38. Ba6 Qxe3 39. R7b3+ Kc7 40.
Rxe3 Bf5 41. Rc1+ Kd7 42. Rd1 Bc5 43. Bd3 Bg4 44. Be2 Bxe2+ 45. Rxe2 Kd6 46.
Re4 Kd5 47. Rh4 Rf6 48. Kg2 Bb6 49. f3 Rg6+ 50. Kf2 Kc4 51. Ke3 Rd6 52. Re4 Kc3
53. Rd3+ Kc4 54. Rd1 Kc3 55. Rd3+ Kc4 56. Rd1 1/2-1/2

[Event "Schwarzacher Open A"]
[Site "Schwarzach"]
[Date "1999.08.26"]
[Round "6.8"]
[White "Gorbatow, Alexej"]
[Black "Rolletschek, Heinrich"]
[Result "1-0"]
[WhiteElo "2353"]
[BlackElo "2291"]
[PlyCount "89"]
[EventDate "1999.08.??"]

1. c4 g6 2. d4 Bg7 3. g3 f5 4. Bg2 Nf6 5. Nc3 d6 6. Nf3 O-O 7. O-O c6 8. b3 Qa5
9. Bb2 e5 10. Qd2 Re8 11. Rfe1 Qc7 12. dxe5 dxe5 13. e4 Na6 14. Rad1 fxe4 15.
Nxe4 Nxe4 16. Rxe4 Bf5 17. Ree1 Rad8 18. Qe2 e4 19. Rxd8 Qxd8 20. Bxg7 Kxg7 21.
Nd2 Qd4 22. Qe3 Qxe3 23. Rxe3 Nb4 24. Bxe4 Nxa2 25. Kf1 Nb4 26. f3 Re7 27. g4
Bxe4 28. Nxe4 b6 29. Kf2 Rd7 30. Ng5 h6 31. Ne6+ Kf6 32. Nf4 g5 33. Nh5+ Kf7
34. Ng3 Nc2 35. Re2 Nd4 36. Rd2 Ke6 37. b4 c5 38. bxc5 bxc5 39. Ne4 39... Rc7
40. Ra2 Ke5 41. Ra5 Ne6 42. Ke3 {#} 42... Rc6 43. Rxa7 Rb6 44. Re7 Rc6 45. h4
1-0

[Event "Schwarzacher Open A"]
[Site "Schwarzach"]
[Date "1999.08.26"]
[Round "6.9"]
[White "Tratar, Marko"]
[Black "Jocys, Dalius"]
[Result "1-0"]
[WhiteElo "2442"]
[BlackElo "2217"]
[PlyCount "79"]
[EventDate "1999.08.??"]

1. d4 Nf6 2. Nf3 d6 3. c4 Nbd7 4. Nc3 c6 5. e4 e5 6. Be2 Be7 7. O-O O-O 8. Be3
Re8 9. d5 Qc7 10. Nd2 a6 11. Rc1 b6 12. b4 Bb7 13. Nb3 Rac8 14. a4 cxd5 15.
exd5 Qb8 16. Qd2 Bd8 17. f3 Rf8 18. g3 Ne8 19. f4 exf4 20. gxf4 Nef6 21. Nd4 a5
22. b5 Nc5 23. Bf3 Qc7 24. Qc2 Qd7 25. Kh1 Re8 26. Rce1 Ng4 27. Bxg4 Qxg4 28.
Nf5 Re6 {#} 29. Nxd6 Rxd6 30. Bxc5 Re6 31. Ne4 bxc5 32. dxe6 f5 33. Qd2 fxe4
34. Qd7 Bc7 35. Re3 Qh4 36. b6 Bxf4 37. Qf7+ Kh8 38. Rxf4 Qd8 39. e7 Qd1+ 40.
Rf1 1-0

[Event "Schwarzacher Open A"]
[Site "Schwarzach"]
[Date "1999.08.26"]
[Round "6.10"]
[White "Kranz, Armin"]
[Black "Sandner, Gunter"]
[Result "1-0"]
[WhiteElo "2202"]
[BlackElo "2374"]
[PlyCount "69"]
[EventDate "1999.08.??"]

1. Nf3 Nf6 2. c4 e6 3. Nc3 c5 4. g3 b6 5. Bg2 Bb7 6. O-O a6 7. d4 cxd4 8. Qxd4
d6 9. b3 Nbd7 10. Rd1 Qc7 11. e4 Be7 12. Ba3 Nc5 13. e5 dxe5 14. Qxe5 Rc8 15.
Qxc7 Rxc7 16. Bc1 Rd7 17. Bf4 Nd3 18. Ne5 Nxf4 19. gxf4 Rxd1+ 20. Rxd1 Bxg2 21.
Kxg2 O-O 22. Nc6 Ba3 23. Rd3 Rc8 24. b4 Kf8 25. b5 axb5 26. cxb5 Ra8 27. Kf3 g6
28. Rd4 Bc1 29. Rd8+ Rxd8 30. Nxd8 Ba3 31. Nc6 Bb2 32. Na4 Bc1 33. Nxb6 Nh5 34.
a4 Bxf4 35. a5 1-0

[Event "Schwarzacher Open A"]
[Site "Schwarzach"]
[Date "1999.08.26"]
[Round "6.11"]
[White "Sebenik, Matej"]
[Black "Dittmar, Peter"]
[Result "1/2-1/2"]
[WhiteElo "2194"]
[BlackElo "2363"]
[PlyCount "74"]
[EventDate "1999.08.??"]

1. d4 d5 2. c4 dxc4 3. Nf3 c5 4. d5 e6 5. Nc3 exd5 6. Qxd5 Qxd5 7. Nxd5 Bd6 8.
Nd2 Ne7 9. Nxc4 Nxd5 10. Nxd6+ Ke7 11. Nxc8+ Rxc8 12. Bd2 Nc6 13. Rc1 b6 14. e3
Rc7 15. Bc4 Rd8 16. Ke2 Ne5 17. e4 Nxc4 18. Rxc4 Nf6 19. Be3 Rcd7 20. f3 Ne8
21. Rc2 Nc7 22. Rd2 Rxd2+ 23. Bxd2 Ne6 24. Be3 Nd4+ 25. Bxd4 Rxd4 26. Rc1 Ke6
27. Ke3 g5 28. g3 f5 29. exf5+ Kxf5 30. h3 Ke5 31. b3 h5 32. Rc4 Rd1 33. h4 Kf6
34. hxg5+ Kxg5 35. b4 cxb4 36. Rxb4 Re1+ 37. Kf2 Ra1 1/2-1/2

[Event "Schwarzacher Open A"]
[Site "Schwarzach"]
[Date "1999.08.26"]
[Round "6.12"]
[White "Kjeld, Matthias"]
[Black "Brumen, Dinko"]
[Result "0-1"]
[WhiteElo "2145"]
[BlackElo "2360"]
[PlyCount "80"]
[EventDate "1999.08.??"]

1. d4 Nf6 2. c4 e6 3. Nf3 b6 4. a3 Bb7 5. Nc3 d5 6. Bg5 Be7 7. e3 O-O 8. Bxf6
Bxf6 9. cxd5 exd5 10. Bd3 c5 11. O-O Nd7 12. Rc1 Re8 13. b4 cxb4 14. axb4 Nf8
15. Qb3 Ne6 16. Ra1 g5 17. Ba6 Bxa6 18. Rxa6 g4 19. Ne1 Nc7 20. Ra2 Be7 21. f3
Qd6 22. Nd3 Bg5 23. f4 {#} 23... Rxe3 24. Ne5 Be7 25. Nxg4 Qxb4 26. Qxb4 Bxb4
27. Nxe3 Bxc3 28. Nf5 b5 29. Rf3 b4 30. Ra5 a6 31. Rc5 Nb5 32. Rxd5 b3 33. Rxb5
axb5 34. Rxc3 b2 35. Rb3 Ra1+ 36. Kf2 b1=Q 37. Rxb1 Rxb1 38. Ke3 b4 39. Kd3 Rc1
40. Nh6+ Kf8 0-1

[Event "Schwarzacher Open A"]
[Site "Schwarzach"]
[Date "1999.08.26"]
[Round "6.13"]
[White "Staller, Peter"]
[Black "Praxmarer, Christian"]
[Result "1-0"]
[WhiteElo "2310"]
[BlackElo "2135"]
[PlyCount "85"]
[EventDate "1999.08.??"]

1. Nf3 d5 2. g3 Nf6 3. Bg2 Bf5 4. O-O h6 5. c4 Nc6 6. Qb3 Rb8 7. cxd5 Qxd5 8.
Qxd5 Nxd5 9. d3 Bg4 10. Nc3 Nxc3 11. bxc3 e5 12. Rb1 Bd7 13. Nd2 Be7 14. Nc4
O-O {#} 15. Bxc6 Bxc6 16. Nxe5 Ba4 17. c4 Rfe8 18. Nf3 g5 19. Re1 c5 20. h4 f6
21. Nh2 Bd6 22. Ng4 Kf7 23. Bb2 gxh4 24. Nxf6 Re6 25. Ne4 Be7 26. Nc3 Bc6 27.
e4 Rg8 28. Re3 Reg6 29. Ne2 Bd7 30. Be5 b6 31. Nf4 Rg4 32. Nd5 hxg3 33. fxg3
Bh4 34. Kh2 Ke6 35. Bf4 Bf6 36. Nc7+ Ke7 37. e5 Bg5 38. Nd5+ Kd8 39. Bxg5+
R4xg5 40. e6 Bc6 41. e7+ Ke8 42. Nf6+ Kf7 43. Nxg8 1-0

[Event "Schwarzacher Open A"]
[Site "Schwarzach"]
[Date "1999.08.26"]
[Round "6.14"]
[White "Djurkovic, Maks"]
[Black "Hardicsay, Peter"]
[Result "1-0"]
[WhiteElo "2147"]
[BlackElo "2304"]
[PlyCount "115"]
[EventDate "1999.08.??"]

1. d4 Nf6 2. Nf3 g6 3. b4 Bg7 4. c4 O-O 5. Bb2 c6 6. e3 d6 7. Be2 Nbd7 8. Nc3
e5 9. dxe5 dxe5 10. O-O Qe7 11. a3 b6 12. Qc2 Bb7 13. Rfd1 Rad8 14. Qa4 a6 15.
Rd2 e4 16. Ne1 {#} 16... Nc5 17. bxc5 Rxd2 18. Bc1 b5 19. Qb4 Rdd8 20. Rb1 Bc8
21. a4 bxc4 22. Bxc4 Nd5 23. Bxd5 cxd5 24. Ne2 Bg4 25. Nd4 Qc7 26. Qb6 Be5 27.
h3 Rb8 28. Qxc7 Bxc7 29. Rxb8 Rxb8 30. hxg4 Rb1 31. Bd2 Be5 32. Kf1 Kf8 33. Bc3
Ke8 34. Ke2 h5 35. gxh5 gxh5 36. f4 exf3+ 37. Nexf3 Bf6 38. Ne1 Kd7 39. Nd3 Rg1
40. Nf4 Bxd4 41. Bxd4 h4 42. Kf3 Kc6 43. Nd3 a5 44. Ne5+ Kc7 45. Bc3 Kc8 46.
Bxa5 Ra1 47. Bb6 Rxa4 48. Nxf7 Kd7 49. Ng5 Kc6 50. Ne6 Ra8 51. Nd4+ Kb7 52. Nf5
Rh8 53. Kg4 Rg8+ 54. Kf4 Rxg2 55. Nxh4 Re2 56. Nf5 Re1 57. Ke5 Rd1 58. Ne7 1-0

[Event "Schwarzacher Open A"]
[Site "Schwarzach"]
[Date "1999.08.26"]
[Round "6.16"]
[White "Hicker, Harald"]
[Black "Doric, Nenad"]
[Result "1/2-1/2"]
[WhiteElo "2133"]
[BlackElo "2265"]
[PlyCount "55"]
[EventDate "1999.08.??"]

1. Nf3 d5 2. d4 Nf6 3. c4 c6 4. cxd5 cxd5 5. Nc3 Nc6 6. Bf4 Bf5 7. e3 e6 8. Bb5
Nd7 9. O-O Be7 10. h3 Rc8 11. Bd3 Bxd3 12. Qxd3 O-O 13. Rfc1 Nb6 14. Qe2 a6 15.
Ne5 Nxe5 16. Bxe5 Qd7 17. Nd1 Rxc1 18. Rxc1 Rc8 19. Rxc8+ Qxc8 20. Qd2 f6 21.
Bg3 Kf7 22. Qc3 Qxc3 23. Nxc3 Bb4 24. Nd1 Ke7 25. Kf1 Kd7 26. Ke2 Kc6 27. f3
Nc4 28. Kd3 1/2-1/2

[Event "Schwarzacher Open A"]
[Site "Schwarzach"]
[Date "1999.08.26"]
[Round "6.17"]
[White "Hoellrigl, Wilfried"]
[Black "Wieser, Rupert"]
[Result "1/2-1/2"]
[WhiteElo "2225"]
[BlackElo "2124"]
[PlyCount "66"]
[EventDate "1999.08.??"]

1. e4 e5 2. Nf3 Nc6 3. Bb5 a6 4. Ba4 Nf6 5. O-O Nxe4 6. d4 b5 7. Bb3 d5 8. dxe5
Be6 9. Nbd2 Bc5 10. c3 O-O 11. Bc2 Nxf2 12. Rxf2 f6 13. exf6 Bxf2+ 14. Kxf2
Qxf6 15. Kg1 g5 16. h3 h5 17. Nb3 g4 18. Qd3 Rf7 19. Ng5 Qf2+ 20. Kh2 Bf5 21.
Qg3 Bxc2 22. Nxf7 Qxg3+ 23. Kxg3 Kxf7 24. hxg4 Rg8 25. g5 Ne5 26. Bf4 Nd3 27.
Nd4 Nxf4 28. Kxf4 Be4 29. Nf5 Re8 30. Re1 Kg6 31. Nh4+ Kg7 32. Nf3 Rf8+ 33. Kg3
Kg6 1/2-1/2

[Event "Schwarzacher Open A"]
[Site "Schwarzach"]
[Date "1999.08.26"]
[Round "6.18"]
[White "Ljubic, Juro"]
[Black "Fruehauf, Norbert"]
[Result "1-0"]
[WhiteElo "2265"]
[BlackElo "2140"]
[PlyCount "105"]
[EventDate "1999.08.??"]

1. e4 e5 2. Nf3 Nc6 3. Bc4 Nf6 4. d4 exd4 5. e5 d5 6. Bb5 Ne4 7. Nxd4 Bd7 8.
Bxc6 bxc6 9. O-O Bc5 10. Be3 Bb6 11. c3 O-O 12. Nd2 Nxd2 13. Qxd2 Qh4 14. f4
Qh5 15. Rae1 c5 16. Nb3 Bb5 17. Rf3 {#} 17... d4 18. cxd4 cxd4 19. Nxd4 Rfd8
20. Qc3 Ba6 21. b4 Rd5 22. Nc6 Rd3 23. Qc2 Bb5 24. a4 Rxe3 25. Rfxe3 Bxc6 26.
Qxc6 Rd8 27. Qf3 Qxf3 28. gxf3 Rd3 29. Kf2 Rb3 30. a5 Bd4 31. f5 Kf8 32. f4 a6
33. Kf3 Bxe3 34. Rxe3 Rxb4 35. Rc3 Rb5 36. Rxc7 Rxa5 37. Kg4 Rb5 38. Ra7 Rb6
39. h4 Rc6 40. Ra8+ Ke7 41. Ra7+ Kf8 42. Rb7 Rc8 43. e6 fxe6 44. fxe6 Ra8 45.
f5 a5 46. f6 gxf6 47. Kf5 a4 48. Kxf6 a3 49. Rxh7 Kg8 50. Rg7+ Kh8 51. e7 a2
52. Rg1 Ra6+ 53. Kf7 1-0

[Event "Schwarzacher Open A"]
[Site "Schwarzach"]
[Date "1999.08.26"]
[Round "6.19"]
[White "Burger, Andreas"]
[Black "Niedermayr, Horst"]
[Result "1-0"]
[WhiteElo "2090"]
[BlackElo "2235"]
[PlyCount "67"]
[EventDate "1999.08.??"]

1. e4 c5 2. c3 d6 3. d4 Nf6 4. Bd3 Nc6 5. Ne2 cxd4 6. cxd4 g6 7. Nbc3 Bg7 8.
O-O O-O 9. h3 a6 10. Be3 b5 11. a3 Bb7 12. b4 Rc8 13. Rc1 e5 14. d5 Ne7 {#} 15.
a4 bxa4 16. Qxa4 Ra8 17. Qa5 Nd7 18. Na4 f5 19. f3 fxe4 20. fxe4 Rxf1+ 21. Rxf1
Rc8 22. Nb6 Nxb6 23. Bxb6 Qe8 24. Bxa6 Bxa6 25. Qxa6 Rc2 26. Nc1 Bh6 27. Nd3
Nc8 28. Rf3 Qe7 29. Bf2 Qc7 30. b5 Qc4 31. Qc6 Bf4 32. Qe8+ Kg7 33. Nxf4 exf4
34. Rxf4 1-0

[Event "Schwarzacher Open A"]
[Site "Schwarzach"]
[Date "1999.08.26"]
[Round "6.20"]
[White "Wolter, Michael"]
[Black "Stoeckl, Norbert"]
[Result "1-0"]
[WhiteElo "2212"]
[BlackElo "2081"]
[PlyCount "65"]
[EventDate "1999.08.??"]

1. Nf3 Nf6 2. c4 g6 3. g3 c5 4. Bg2 d5 5. O-O Bg7 6. cxd5 Nxd5 7. Nc3 Nc7 8. d3
Nc6 9. Qa4 O-O 10. Qh4 Ne6 11. Bh6 Bf6 12. Qa4 Re8 13. Rab1 Ned4 14. Rfe1 Bf5
15. Bd2 Rc8 16. Nxd4 cxd4 17. Ne4 Be5 18. Nc5 Qb6 19. Rec1 Rc7 {#} 20. Nxb7
Rec8 21. Nc5 a5 22. Nb3 Bg4 23. Bxc6 Rxc6 24. Rxc6 Rxc6 25. Nxa5 Rc8 26. Nc4
Qb8 27. Re1 h5 28. Qb4 Qc7 29. Qb6 Qxb6 30. Nxb6 Rc2 31. Nc4 Bc7 32. f3 Be6 33.
Rc1 1-0

[Event "Schwarzacher Open A"]
[Site "Schwarzach"]
[Date "1999.08.27"]
[Round "7.1"]
[White "Zoler, Dan"]
[Black "Burmakin, Vladimir"]
[Result "0-1"]
[WhiteElo "2529"]
[BlackElo "2579"]
[PlyCount "91"]
[EventDate "1999.08.??"]

1. c4 e6 2. Nf3 d5 3. b3 Nf6 4. Bb2 Be7 5. g3 O-O 6. Bg2 c5 7. e3 Nc6 8. O-O b6
9. d3 Bb7 10. Qe2 Qc7 11. Nbd2 Rad8 12. Rfd1 e5 13. cxd5 Nxd5 14. a3 Rfe8 15.
Rac1 Qb8 16. Rc2 Bf8 17. Rdc1 Na5 18. Nc4 Nxc4 19. bxc4 Nf6 20. e4 Qd6 21. Ne1
Nd7 22. Rd2 Nb8 23. Nc2 Nc6 24. Ne3 Nd4 25. Bxd4 cxd4 26. Nc2 Rc8 27. Rf1 a6
28. f4 exf4 29. gxf4 b5 30. cxb5 axb5 31. e5 Qb6 32. Bxb7 Qxb7 33. Qg2 Qd7 34.
Kh1 Rc3 35. Rg1 g6 36. Qe4 Rd8 37. Nb4 {#} 37... Rxa3 38. Nc6 Rc8 39. Nxd4 Ra4
40. e6 Qxd4 41. Qb7 Qc5 42. Qxf7+ Kh8 43. d4 Qa7 44. Rdg2 Bg7 45. f5 Rf8 46.
fxg6 0-1

[Event "Schwarzacher Open A"]
[Site "Schwarzach"]
[Date "1999.08.27"]
[Round "7.2"]
[White "Shchekachev, Andrei"]
[Black "Vigh, Bela"]
[Result "1-0"]
[WhiteElo "2505"]
[BlackElo "2345"]
[PlyCount "119"]
[EventDate "1999.08.??"]

1. Nf3 Nf6 2. c4 g6 3. g3 Bg7 4. Bg2 O-O 5. O-O d6 6. d4 Nc6 7. Nc3 a6 8. b3
Rb8 9. Nd5 Nh5 10. Bb2 e6 11. Nc3 b5 12. d5 Ne7 13. dxe6 Bxe6 14. cxb5 axb5 15.
Qc2 h6 16. Rfd1 Rb6 17. e4 c5 18. Ne2 Bxb2 19. Qxb2 Kh7 20. h3 Nc8 21. Rac1 Qe7
22. Ne1 f6 23. Nd3 g5 24. Nc3 b4 25. Nd5 Bxd5 26. exd5 Ng7 27. Re1 Qf7 28. Qc2
Kh8 29. Nb2 Ra6 30. Nc4 Ne7 31. Qe2 Ng6 32. Be4 f5 33. Bb1 Qf6 34. Qd3 Ra7 35.
Re2 Re7 36. Rce1 Rfe8 37. Rxe7 Rxe7 38. Rxe7 Qxe7 39. Kg2 Kg8 40. Ne3 Ne5 {#}
41. Nxf5 Qf6 42. Qe4 Nxf5 43. Qxf5 Qxf5 44. Bxf5 Kg7 45. f4 gxf4 46. gxf4 Nf7
47. Kf3 Kf6 48. Ke4 Nd8 49. Bc8 Nf7 50. Bg4 Nd8 51. h4 Nb7 52. Bc8 Nd8 53. h5
Nf7 54. Kd3 Ke7 55. Kc4 Nd8 56. Kb5 Nf7 57. Kb6 Nd8 58. Kc7 Nf7 59. Be6 Nd8 60.
Bg8 1-0